Biología de la conservación y áreas silvestres protegidas: situación actual y perspectivas en Costa Rica (Registro nro. 12845)
[ vista simple ]
| 000 -Cabecera | |
|---|---|
| Campo de control de longitud fija | 00701nam a22002537a 4500 |
| 005 - Fecha y hora de la última transacción | |
| Campo de control | 20250729162542.0 |
| 008 - Elementos de longitud fija--Información general | |
| Campo de control de longitud fija | 210107b1997 xxu||||| |||| 00| 0 spa d |
| 020 ## - International Standard Book Number | |
| Número Internacional Estándar del Libro (ISBN) | 9968702099 |
| 041 ## - Idioma | |
| Código de idioma | Español |
| 082 ## - Clasificación Decimal Dewey | |
| Número de clasificación | 574.5 G216b |
| 100 ## - Entrada principal--Autor personal | |
| Nombre personal | García V., Randall |
| 245 ## - Título propiamente dicho | |
| Título | Biología de la conservación y áreas silvestres protegidas: situación actual y perspectivas en Costa Rica |
| 260 ## - Pie de imprenta | |
| Lugar de publicación, distribución, etc. | Costa Rica |
| 260 ## - Pie de imprenta | |
| Nombre del editor, distribuidor, etc. | INBIO |
| 260 ## - Pie de imprenta | |
| Fecha de publicación, distribución, etc. | 1997 |
| 300 ## - Descripción física | |
| Extensión | 64 páginas |
| 490 ## - Serie | |
| Título de la Serie | Turismo |
| 650 ## - Materia general | |
| Temática (materia general) | COSTA RICA |
| 650 ## - Materia general | |
| Temática (materia general) | RECURSOS NATURALES |
| 650 ## - Materia general | |
| Temática (materia general) | ÁREAS SILVESTRES |
| 650 ## - Materia general | |
| Temática (materia general) | CONSERVACIÓN DE LOS RECURSOS NATURALES |
| 650 ## - Materia general | |
| Temática (materia general) | BIODIVERSIDAD |
| 942 ## - Punto de acceso adicional KOHA | |
| Tipo de ítem KOHA | Libro |
| Fuente del sistema de clasificación o colocación | Dewey Decimal Classification |
| Signatura completa | Código de barras | Programa Académico | Tipo de ítem |
|---|---|---|---|
| 333.72 G216b | 6082 | Turismo | Libro |
| 333.72 G216b | 6083 | Turismo | Libro |